000
00341nam a2200157Ia 4500
003
OSt
005
20231118074349.0
008
170524s9999 xx 000 0 und d
020
_a
88-476-0900-3
040
_c
IIMT
100
_a
English Edition
245
0
_a
Cuisine of the kings
260
_b
Bonanchi
260
_c
2004
942
_2
ddc
_c
02
999
_c
7105
_d
7105